|
|
|
|
| LEADER |
00000nam a22000003a 4500 |
| 001 |
stu253691 |
| 005 |
20150617230200.3 |
| 008 |
120823s2009----ne------------------eng-d |
| 020 |
|
|
|a 978-0-470-40024-1
|
| 040 |
|
|
|a STU
|b slo
|
| 041 |
0 |
|
|a eng
|
| 044 |
|
|
|a ne
|
| 080 |
|
|
|a 004
|7 stu_us_auth*stu9200
|
| 100 |
1 |
|
|a Pearlson, Keri E.
|4 aut
|
| 245 |
1 |
|
|a Strategic management of Information Systems :
|b International Student Version
|
| 250 |
|
|
|a 4th Ed.
|
| 260 |
|
|
|a Hoboken :
|b Wiley,
|c 2009
|
| 300 |
|
|
|a 374 s
|
| 650 |
|
7 |
|a informačné systémy
|2 stusub
|
| 650 |
|
7 |
|a strategický manažment
|2 stusub
|
| 700 |
1 |
|
|a Saunders, Carol S.
|4 aut
|
| 856 |
4 |
|
|a https://sweb.mtf.stuba.sk/obsahy/strategic_management_information_systems_09
|u https://sweb.mtf.stuba.sk/obsahy/strategic_management_information_systems_09
|3 OBSAH
|
| 996 |
|
|
|b 284M081367
|c M*13272-1
|l MMKN
|s A
|a 24
|w stu253691_0001
|